000 00451nam a2200145 a 4500
001 000034187
005 20200930070841.0
008 110927s1935 fr 000 0 spa d
040 _aDO-SdBNP
_bspa
_cBNPHU
100 1 _aBurke, William P.,
_d1880-
_959617
245 1 0 _a"SeƱor Burky" :
_bthe adventurous life-story of William P. Burke /
_cBurke William P.
260 _aLondon :
_bGeorge G. Harrap,
_c1935.
300 _a370 p. ;
_c23 cm.
049 _aBNPD
999 _c33678
_d33678